| 000 | 00540nam a22001817a 4500 | ||
|---|---|---|---|
| 003 | DO-SdBNP | ||
| 005 | 20220302124111.0 | ||
| 008 | 210913b |dr||| |||| 00| 0 spa d | ||
| 020 | _a9789945131895 | ||
| 040 |
_aBPMSU _bSpa _cBPMSU |
||
| 100 | 1 |
_aCastillo Díaz, Rafael _d1952 - |
|
| 245 |
_aTábara Arriba : _bsu historia / _cRafael Nelio Castillo Díaz |
||
| 260 |
_aSanto Domingo : _bEditora Mediabyte, _c2016 |
||
| 300 |
_a59 p.; _bil. _c22 cm. |
||
| 504 | _aIncluyes bibliografía 59 p., | ||
| 910 | _aMcabrera. | ||
| 942 |
_2ddc _cBK |
||
| 999 |
_c13725 _d13725 |
||